Top 15 Länder mit Covid-19-Todesfällen - 14. Mai - Statistiken

Allgemein
  • Dieses Quiz wurde 11 mal gespielt
  • Das Durchschnittsergebnis liegt bei 18 aus 21
Antwortstatistiken
Land % Korrekt
Brasilien
100%
China
100%
Frankreich
100%
Italien
100%
Kanada
100%
Mexiko
100%
Niederlande
100%
Schweden
100%
Schweden
100%
Schweiz
100%
Spanien
100%
Vereinigtes Königreich
100%
Vereinigte Staaten
100%
Deutschland
88%
Belgien
75%
Iran
75%
Portugal
75%
Türkei
75%
Dänemark
50%
Irland
50%
Ecuador
38%
Keine übereinstimmenden Quizze gefunden
Verteilung der Resultate
Anzahl Personen mit jedem Resultat
Perzentil nach korrekt beantworteten Fragen
Ihre Resultats-Entwicklung
Sie haben dieses Quiz noch nicht gespielt